000 00287nam a22001337a 4500
020 _a978-0198545385
041 _aENG
100 _aGreenland D.J
245 _aCharacterization Of Soil
260 _aDelhi
_bOxford
_c1981
300 _a446
650 _aSWCE (06)
856 _uSWCE (06)
999 _c2913
_d2913